Оценка и выбор канала сбыта металлургического производства; Прогрессивные технологии и экономика в машиностроении

Bibliografske podrobnosti
Parent link:Прогрессивные технологии и экономика в машиностроении.— 2015.— [С. 295-297]
Glavni avtor: Рыльцев М. С.
Korporativna značnica: Национальный исследовательский Томский политехнический университет (ТПУ) Юргинский технологический институт (филиал) (ЮТИ) Кафедра информационных систем (ИС)
Drugi avtorji: Важдаев А. Н. Андрей Николаевич (научный руководитель)
Izvleček:Заглавие с экрана
Jezik:ruščina
Izdano: 2015
Serija:Автоматизация и информатизация на производстве и в образовательном процессе
Teme:
Online dostop:http://earchive.tpu.ru/handle/11683/17667
http://www.lib.tpu.ru/fulltext/c/2015/C57/124.pdf
Format: MixedMaterials Elektronski Book Chapter
KOHA link:https://koha.lib.tpu.ru/cgi-bin/koha/opac-detail.pl?biblionumber=611820

MARC

LEADER 00000naa2a2200000 4500
001 611820
005 20260417100552.0
035 |a (RuTPU)RU\TPU\conf\9667 
035 |a RU\TPU\conf\9665 
090 |a 611820 
100 |a 20150421d2015 k y0rusy50 ca 
101 0 |a rus 
102 |a RU 
135 |a drgn ---uucaa 
181 0 |a i  
182 0 |a b 
200 1 |a Оценка и выбор канала сбыта металлургического производства  |f М. С. Рыльцев  |g науч. рук. А. Н. Важдаев 
203 |a Текст  |c электронный 
215 |a 1 файл(303 Кб) 
225 1 |a Автоматизация и информатизация на производстве и в образовательном процессе 
300 |a Заглавие с экрана 
320 |a [Библиогр.: с. 297 (3 назв.)] 
337 |a Adobe Reader 
463 1 |0 (RuTPU)RU\TPU\conf\9525  |t Прогрессивные технологии и экономика в машиностроении  |o сборник трудов VI Всероссийской научно-практической конференции для студентов и учащейся молодежи, 9-11 апреля 2015 г., Юрга  |f Национальный исследовательский Томский политехнический университет (ТПУ), Юргинский технологический институт (ЮТИ) ; под ред. Д. А. Чинахова  |v [С. 295-297]  |d 2015 
610 1 |a электронный ресурс 
610 1 |a труды учёных ТПУ 
610 1 |a каналы сбыта 
610 1 |a металлургические производства 
700 1 |a Рыльцев  |b М. С. 
702 1 |a Важдаев  |b А. Н.  |c специалист в области информационных систем  |c старший преподаватель Юргинского технологического института (филиал) Томского политехнического университета  |f 1981-  |g Андрей Николаевич  |4 727 
712 0 2 |a Национальный исследовательский Томский политехнический университет (ТПУ)  |b Юргинский технологический институт (филиал) (ЮТИ)  |b Кафедра информационных систем (ИС)  |3 (RuTPU)RU\TPU\col\18893 
801 1 |a RU  |b 63413507  |c 20101016 
801 2 |a RU  |b 63413507  |c 20210212  |g RCR 
856 4 |u http://earchive.tpu.ru/handle/11683/17667 
856 4 |u http://www.lib.tpu.ru/fulltext/c/2015/C57/124.pdf 
942 |c BK